[Event "20th European Teams Women"]
[Site "Reykjavik ISL"]
[Date "2015.11.22"]
[Round "9.11"]
[Board "3"]
[White "Dolzhikova, Olga"]
[Black "Isgandarova, Khayala"]
[Result "1/2-1/2"]
[WhiteTitle "WGM"]
[BlackTitle "WIM"]
[WhiteElo "2145"]
[BlackElo "2200"]
[WhiteTeam "Norway"]
[BlackTeam "Turkey"]
[WhiteFideId "14105870"]
[BlackFideId "13401823"]
[EventDate "2015.11.13"]

1. e4 e6 2. Nf3 d5 3. e5 c5 4. b4 cxb4 5. a3 bxa3 6. Bxa3 Ne7 7. d4 Nbc6 8. Bd3
Bd7 9. O-O a6 10. c3 h6 11. Nh4 g6 12. g3 Rc8 13. f4 Na7 14. Rf2 Bb5 15. Bc2 Nf5
16. Ng2 Bxa3 17. Rxa3 h5 18. Ra2 Qc7 19. Rb2 Qe7 20. Qf3 Bc4 21. h3 Nb5 22. g4
hxg4 23. hxg4 Nh4 24. Qg3 Nxg2 25. Rxg2 Qh4 26. Qxh4 Rxh4 27. Ba4 Bd3 28. Na3
Rxc3 29. Nxb5 Rc1+ 30. Kf2 Rf1+ 31. Kg3 Rfh1 32. Nd6+ Kf8 33. Rh2 R4xh2 34. Rxh2
Rxh2 35. Kxh2 b5 36. Bd1 a5 37. Nc8 a4 38. Nb6 a3 39. Nd7+ Ke7 40. Nc5 Bc4 41.
Nb3 Kd7 42. Kg3 Kc6 43. Kf2 Kb6 44. Ke3 a2 45. Na1 Ka5 46. Kd2 Kb4 47. Kc2 Ka3
48. Kc3 b4+ 49. Kc2 Bb5 50. Kc1 Bc4 51. Kc2 Bb5 52. Kc1 Bc4 53. Kc2 Bb5 54. Kc1
Bc4 1/2-1/2

[Event "20th European Teams Women"]
[Site "Reykjavik ISL"]
[Date "2015.11.22"]
[Round "9.11"]
[Board "4"]
[White "Topel, Zehra"]
[Black "Machlik, Monika"]
[Result "0-1"]
[WhiteTitle "WIM"]
[WhiteElo "2106"]
[BlackElo "2176"]
[WhiteTeam "Turkey"]
[BlackTeam "Norway"]
[WhiteFideId "6302661"]
[BlackFideId "1513621"]
[EventDate "2015.11.13"]

1. d4 Nf6 2. c4 e6 3. Nf3 Bb4+ 4. Nbd2 d6 5. a3 Bxd2+ 6. Qxd2 Nc6 7. b4 e5 8. b5
Nxd4 9. Nxd4 exd4 10. Qxd4 h6 11. Bb2 O-O 12. e3 Qe7 13. Bd3 Re8 14. Qf4 Ne4 15.
h4 Qe6 16. Rd1 Nc5 17. Bc2 Qg4 18. Qxg4 Bxg4 19. Rd4 Bh5 20. g4 Bg6 21. Bf5 Bxf5
22. gxf5 Re5 23. f6 g6 24. h5 g5 25. Ke2 Rae8 26. Rg1 Re4 27. Rg4 R4e6 28. Rd5
Nd7 29. Rf5 Re4 30. Rxe4 Rxe4 31. Bd4 Rh4 32. c5 dxc5 33. Bxc5 Rxh5 34. Be7 Nf8
35. Bxf8 Kxf8 36. Rc5 c6 37. bxc6 bxc6 38. Rxc6 Kg8 39. Ra6 Kh7 40. Rxa7 Kg6 41.
Ra6 Rh1 42. Kf3 Rg1 43. e4 h5 44. e5 h4 45. Ra8 Kf5 46. Re8 h3 47. Rh8 g4+ 48.
Ke2 Kxe5 49. a4 Ra1 50. Kd3 Rxa4 51. Rh4 Kf4 52. Ke2 Ra2+ 53. Kf1 Ra1+ 54. Ke2
Kg5 55. Rh8 Kxf6 56. f3 h2 0-1

[Event "20th European Teams Women"]
[Site "Reykjavik ISL"]
[Date "2015.11.22"]
[Round "9.12"]
[Board "1"]
[White "Danielian, Elina"]
[Black "Havlikova, Kristyna"]
[Result "1-0"]
[WhiteTitle "GM"]
[BlackTitle "WIM"]
[WhiteElo "2474"]
[BlackElo "2323"]
[WhiteTeam "Armenia"]
[BlackTeam "Czech Republic"]
[WhiteFideId "13300210"]
[BlackFideId "309672"]
[EventDate "2015.11.13"]

1. d4 Nf6 2. c4 g6 3. g3 c6 4. Bg2 d5 5. Nf3 Bg7 6. cxd5 cxd5 7. Nc3 Ne4 8. Qb3
Nxc3 9. bxc3 O-O 10. Ne5 Nc6 11. f4 e6 12. O-O Na5 13. Qc2 b6 14. Ba3 Re8 15. e4
dxe4 16. Bxe4 Bb7 17. Bxb7 Nxb7 18. Rfd1 Rc8 19. c4 f6 20. Ng4 Na5 21. c5 Nc6
22. Qc4 Kh8 23. Rac1 Qd5 24. Qxd5 exd5 25. cxb6 axb6 26. Kf2 Na5 27. Ne3 f5 28.
Nxd5 Rxc1 29. Bxc1 Nc4 30. Nc7 Rc8 31. Ne6 Ra8 32. a3 Bf6 33. d5 Be7 34. Rd3 Kg8
35. Rc3 Ra4 36. Ke2 Kf7 37. Kd3 b5 38. Nc7 Nd6 39. Be3 Ne4 40. Rb3 Bxa3 41. Nxb5
Bc5 42. Nc3 Nxc3 43. Rxc3 Bxe3 44. Rc7+ Kf6 45. Kxe3 h6 46. Kd3 g5 47. Rc4 Ra2
48. Rc6+ Ke7 49. Rxh6 gxf4 50. gxf4 Ra4 51. Ke3 Re4+ 52. Kf3 Rd4 53. Re6+ Kf7
54. Re5 Kf6 55. h4 Rd1 56. h5 Rh1 57. h6 Kg6 58. Re6+ Kf7 59. Ke2 Ra1 60. Ke3
Rd1 61. h7 Kg7 62. Rh6 Kh8 63. d6 Rd5 64. Kf3 Rd3+ 65. Kg2 Re3 66. Rh3 Re2+ 67.
Kg3 Rd2 68. Rh6 Rd4 69. Kh4 Rxf4+ 70. Kg5 Rf1 71. Kf6 f4 72. d7 Rd1 73. Ke7 1-0

[Event "20th European Teams Women"]
[Site "Reykjavik ISL"]
[Date "2015.11.22"]
[Round "9.12"]
[Board "2"]
[White "Olsarova, Karolina"]
[Black "Mkrtchian, Lilit"]
[Result "1/2-1/2"]
[WhiteTitle "WIM"]
[BlackTitle "IM"]
[WhiteElo "2224"]
[BlackElo "2439"]
[WhiteTeam "Czech Republic"]
[BlackTeam "Armenia"]
[WhiteFideId "320242"]
[BlackFideId "13300601"]
[EventDate "2015.11.13"]

1. e4 c5 2. Nf3 e6 3. d4 cxd4 4. Nxd4 a6 5. Nc3 Qc7 6. Be2 Nf6 7. O-O Be7 8. Be3
d6 9. f4 O-O 10. a4 b6 11. Bf3 Bb7 12. Qe1 Nbd7 13. Kh1 Rfe8 14. Nde2 Rac8 15.
Ng3 Bc6 16. Bg1 Bf8 17. Qe3 g6 18. Nge2 Bb7 19. Rad1 Nc5 20. Ng3 Rcd8 21. Qd2
Bc6 22. Ra1 Bh6 23. Be3 Qb7 24. Rfe1 Bg7 25. Bg1 Qc7 26. Qe2 Bh6 27. Be3 Qb7 28.
Bd2 Qc7 29. Red1 Bb7 30. Be3 Bg7 31. Qf2 Bc6 32. Qe2 Qb7 33. Bg1 Qc7 34. Ra3 Bb7
35. Qd2 Bf8 36. b4 Ncd7 37. Nce2 d5 38. e5 Ne4 39. Bxe4 dxe4 40. Nd4 Qc4 41. Rb3
Nb8 42. Rbb1 Rd7 43. c3 Rc8 44. Rdc1 Qd5 45. Nf1 Rdc7 46. Ne3 Qd8 47. Rc2 h5 48.
Qe1 Bh6 49. Rd1 Qe8 50. Ne2 Qxa4 51. Rcd2 Qe8 52. Qh4 Qe7 53. Rd8+ Kg7 54. Qxe7
Rxe7 55. Rxc8 Bxc8 56. Nc4 b5 57. Nb6 Bb7 58. Bc5 Re8 59. Kg1 g5 60. g3 gxf4 61.
gxf4 Bc6 62. Kf2 Kh7 63. Ke3 Rg8 64. Ng3 Rg4 65. Nxh5 Kg6 66. Nf6 Bxf4+ 67. Kd4
Rg2 68. Nxe4 Bxh2 69. Nf6 Bb7 70. Kd3 Bxe5 71. Ne4 f5 72. Nd6 Bf3 73. Re1 Be4+
74. Nxe4 fxe4+ 75. Rxe4 Rg3+ 76. Re3 Kf5 77. Rxg3 Bxg3 78. c4 Nc6 79. cxb5 axb5
80. Nc8 Bc7 81. Bd6 Bd8 82. Bc5 Bc7 83. Bd6 Bd8 84. Bc5 Bc7 1/2-1/2

[Event "20th European Teams Women"]
[Site "Reykjavik ISL"]
[Date "2015.11.22"]
[Round "9.12"]
[Board "3"]
[White "Galojan, Lilit"]
[Black "Sikorova, Olga"]
[Result "1-0"]
[WhiteTitle "IM"]
[BlackTitle "WGM"]
[WhiteElo "2298"]
[BlackElo "2230"]
[WhiteTeam "Armenia"]
[BlackTeam "Czech Republic"]
[WhiteFideId "13301314"]
[BlackFideId "307033"]
[EventDate "2015.11.13"]

1. d4 Nf6 2. c4 g6 3. Nc3 Bg7 4. Nf3 O-O 5. Bg5 h6 6. Bh4 d6 7. e3 c5 8. Be2 b6
9. O-O e6 10. dxc5 dxc5 11. Qc2 Bb7 12. Rfd1 Qe7 13. Ne5 g5 14. Bg3 Na6 15. Qa4
Rad8 16. Nc6 Bxc6 17. Qxc6 e5 18. a3 Nb8 19. Qa8 a5 20. h3 Nfd7 21. Nd5 Qe6 22.
e4 Nc6 23. Qxc6 1-0

[Event "20th European Teams Women"]
[Site "Reykjavik ISL"]
[Date "2015.11.22"]
[Round "9.12"]
[Board "4"]
[White "Kulovana, Eva"]
[Black "Kursova, Maria"]
[Result "0-1"]
[WhiteTitle "WGM"]
[BlackTitle "WGM"]
[WhiteElo "2213"]
[BlackElo "2307"]
[WhiteTeam "Czech Republic"]
[BlackTeam "Armenia"]
[WhiteFideId "318779"]
[BlackFideId "4129709"]
[EventDate "2015.11.13"]

1. e4 c5 2. Nf3 e6 3. d4 cxd4 4. Nxd4 Nc6 5. Nc3 d6 6. Be2 Nf6 7. Be3 Be7 8. O-O
O-O 9. f4 Qc7 10. Kh1 Rd8 11. Qe1 Nxd4 12. Bxd4 e5 13. Be3 exf4 14. Bxf4 Be6 15.
Rd1 Qc5 16. Qg3 Ne8 17. e5 dxe5 18. Bxe5 Rxd1 19. Rxd1 Rd8 20. Rxd8 Bxd8 21. Bd3
Bc7 22. Bxc7 Qxc7 23. Qf2 b6 24. Ne4 h6 25. h3 Qe5 26. Nc3 Nd6 27. a3 g6 28. Qe2
Qxe2 29. Nxe2 Kg7 30. Kg1 Kf6 31. Kf2 Ke5 32. b3 f5 33. Ke3 g5 34. g3 Ne8 35. c4
Nd6 36. Bc2 Bd7 37. Bd3 Be6 38. Bc2 a5 39. a4 Bd7 40. Bd3 Nb7 41. h4 Nc5 42.
hxg5 hxg5 43. Bc2 Bc6 44. Bd1 Be4 45. Ng1 f4+ 46. gxf4+ gxf4+ 47. Kd2 Bg2 48.
Kc3 Ne4+ 49. Kb2 Kd4 50. Ka3 Kd3 51. b4 Kxc4 52. bxa5 bxa5 53. Kb2 Nc3 54. Bh5
Nxa4+ 55. Kc2 Nc5 56. Bg4 Kd4 57. Kd2 Ne4+ 58. Kc2 Ke3 59. Ne2 Nc5 60. Nc1 Bf3
61. Bh3 Bd5 62. Bg4 f3 63. Kc3 f2 64. Bh3 Kf3 65. Bf1 Ne6 66. Kb2 Ke3 67. Ka3
Nc5 68. Ne2 Bc4 69. Ng3 Bxf1 70. Nxf1+ Ke2 71. Ng3+ Ke1 0-1

[Event "20th European Teams Women"]
[Site "Reykjavik ISL"]
[Date "2015.11.22"]
[Round "9.13"]
[Board "2"]
[White "Bengtsson, Jessica"]
[Black "Guindy, Esmat"]
[Result "0-1"]
[BlackTitle "WFM"]
[WhiteElo "2040"]
[BlackElo "2057"]
[WhiteTeam "Sweden"]
[BlackTeam "Denmark"]
[WhiteFideId "1711083"]
[BlackFideId "1401637"]
[EventDate "2015.11.13"]

1. e4 e6 2. d4 d5 3. e5 c5 4. c3 Nc6 5. Nf3 Qb6 6. a3 Nh6 7. b4 cxd4 8. cxd4 Nf5
9. Bb2 Be7 10. h4 h5 11. g3 Bd7 12. Be2 Rc8 13. O-O g6 14. Qd2 a6 15. Kg2 Kf8
16. Rd1 Na7 17. Nc3 a5 18. bxa5 Qxa5 19. Na2 Qxd2 20. Rxd2 Kg7 21. Nb4 Ba4 22.
Rc1 Rxc1 23. Bxc1 Rc8 24. Bb2 Bb3 25. Ne1 Bc4 26. Nec2 Bxe2 27. Rxe2 Rc4 28. Rd2
Nb5 29. Rd3 Bxb4 30. Nxb4 Nfxd4 31. Kf1 Nc6 32. Nxc6 bxc6 33. Ke2 Kf8 34. Kd2
Ke8 35. Rb3 Kd7 36. Rf3 Ke8 37. Rb3 Ra4 38. Kc2 Ra7 39. Rf3 Kd8 40. a4 Rxa4 41.
Rxf7 Rg4 42. Bc1 Rc4+ 43. Kb2 d4 44. Bg5+ Kc8 45. Kb3 Rc5 46. Rf8+ Kb7 47. Rf7+
Ka6 48. Bf4 Rc3+ 49. Kb2 Rf3 50. Rd7 Rxf2+ 51. Kb3 Rf3+ 52. Kc2 Kb6 53. Re7 Nc7
54. Rg7 Nd5 55. Rxg6 Nxf4 56. gxf4 Rxf4 57. Rxe6 Rxh4 58. Re8 Kc5 59. e6 Re4 60.
Rh8 Rxe6 61. Rxh5+ Kc4 0-1

[Event "20th European Teams Women"]
[Site "Reykjavik ISL"]
[Date "2015.11.22"]
[Round "9.13"]
[Board "3"]
[White "Stolberg-Rohr, Thomine"]
[Black "Fransson, Angelina"]
[Result "0-1"]
[WhiteTitle "WFM"]
[WhiteElo "1985"]
[BlackElo "1980"]
[WhiteTeam "Denmark"]
[BlackTeam "Sweden"]
[WhiteFideId "1504258"]
[BlackFideId "1712632"]
[EventDate "2015.11.13"]

1. c4 Nf6 2. g3 g6 3. Bg2 Bg7 4. Nc3 O-O 5. d3 d6 6. Bg5 h6 7. Bd2 e5 8. e4 c6
9. Nge2 Be6 10. O-O Ne8 11. b4 Na6 12. Rb1 Nac7 13. b5 d5 14. bxc6 bxc6 15. Qc1
dxc4 16. dxc4 Kh7 17. c5 Bc4 18. Be3 Ne6 19. Rb4 Bxe2 20. Nxe2 Qa5 21. Qc4 N8c7
22. Rfb1 Qa6 23. Qc2 Nb5 24. Bf1 Na3 25. Ra4 Nxc2 26. Rxa6 Nxe3 27. fxe3 Nxc5
28. Rxc6 Rac8 29. Rxc8 Rxc8 30. Nc3 Rd8 31. Bc4 Bf8 32. Bd5 f5 33. Rf1 Nxe4 34.
Nxe4 fxe4 35. Rf7+ Kh8 36. Bxe4 Bc5 37. Bxg6 Rd2 38. Be4 Rxa2 39. Rh7+ Kg8 40.
Bd5+ Kxh7 41. Bxa2 Bxe3+ 42. Kg2 Bd4 43. Kf3 Kg6 44. Bd5 a5 45. Bc6 Kf6 46. g4
Bb2 47. h4 Bc1 48. Ke4 Bf4 49. Kd5 Bg3 50. h5 Kg5 51. Bd7 Kf4 52. Kc4 Be1 53.
Kd3 e4+ 54. Ke2 Bb4 55. Ba4 Kxg4 56. Ke3 Kf5 57. Bc2 Bc5+ 58. Ke2 Ke5 59. Ke1
Kd4 60. Ke2 e3 61. Bd1 Kc3 62. Ba4 Kb4 63. Bd1 a4 64. Kd3 a3 65. Kc2 Bd4 66. Kb1
Kc3 67. Ka2 Bc5 68. Kb1 Kd2 69. Bc2 a2+ 70. Kxa2 Kxc2 71. Ka1 Bd4+ 0-1

[Event "20th European Teams Women"]
[Site "Reykjavik ISL"]
[Date "2015.11.22"]
[Round "9.13"]
[Board "4"]
[White "Blazekovic, Nina"]
[Black "Vangsgaard, Freja"]
[Result "1/2-1/2"]
[WhiteElo "1932"]
[BlackElo "1980"]
[WhiteTeam "Sweden"]
[BlackTeam "Denmark"]
[WhiteFideId "1715984"]
[BlackFideId "1436589"]
[EventDate "2015.11.13"]

1. e4 d5 2. exd5 Qxd5 3. Nc3 Qa5 4. d4 Nf6 5. Nf3 Bf5 6. Ne5 c6 7. Bc4 e6 8. Qe2
Bb4 9. Bd2 O-O 10. a3 Nbd7 11. Nxd7 Nxd7 12. g4 Bg6 13. h4 h5 14. Rg1 Nf6 15.
gxh5 Bxc3 16. Bxc3 Qxh5 17. Qxh5 Bxh5 18. d5 Kh8 19. Rg5 Bf3 20. dxe6 fxe6 21.
Kf1 Bd5 22. Bd3 Rf7 23. Re1 Raf8 24. Bg6 Nh7 25. Bxh7 Kxh7 26. Kg1 g6 27. h5
gxh5 28. Rxh5+ Kg6 29. Rh2 Rf5 30. Bd2 Rg8 31. f4 Rh5 32. Rxh5 Kxh5+ 33. Kf2
Rg2+ 34. Ke3 Kg4 35. Kd3 Kf5 36. Re5+ Kg4 37. Be3 b5 38. b3 Kh3 39. c4 bxc4+ 40.
bxc4 Bf3 41. Bxa7 Ra2 42. Bc5 Kg4 43. Rxe6 Kxf4 44. Rf6+ Kg4 45. Bb4 Bg2 46. Ke3
Kg5 47. Rf8 Kg6 48. Kd4 Kg7 49. Rf4 Bh1 50. Kc3 Rg2 51. Bc5 Kg6 52. Bf2 Rg5 53.
a4 Rf5 54. Rxf5 Kxf5 55. Kd4 Ke6 56. Kc5 Kd7 57. Kb6 Kc8 58. Ka7 c5 59. Bxc5 Kc7
60. Bb6+ Kc8 61. Bf2 Kc7 62. Ka6 Kb8 63. Kb6 Ka8 64. a5 Bf3 65. c5 Be4 66. Kc7
Bf3 67. c6 Bxc6 68. Kxc6 Kb8 69. Kd7 Ka8 70. Be1 Kb8 71. Kd8 Ka8 72. Kc8 Ka7 73.
Bf2+ Ka8 1/2-1/2

[Event "20th European Teams Women"]
[Site "Reykjavik ISL"]
[Date "2015.11.22"]
[Round "9.14"]
[Board "1"]
[White "Goossens, Hanne"]
[Black "Daulyte, Deimante"]
[Result "1/2-1/2"]
[WhiteTitle "WFM"]
[BlackTitle "IM"]
[WhiteElo "2184"]
[BlackElo "2369"]
[WhiteTeam "Belgium"]
[BlackTeam "Lithuania"]
[WhiteFideId "200468"]
[BlackFideId "12802859"]
[EventDate "2015.11.13"]

1. e4 d6 2. d4 Nf6 3. Nc3 Nbd7 4. Nf3 e5 5. Bc4 Be7 6. a4 O-O 7. O-O a6 8. a5
exd4 9. Qxd4 h6 10. h3 Ne5 11. Nxe5 dxe5 12. Qe3 Bd6 13. Rd1 Be6 14. Qe2 Qe7 15.
Be3 Rfd8 16. Nd5 Nxd5 17. Bxd5 Bxd5 18. Rxd5 Qe6 19. Rad1 Be7 20. Qg4 Rxd5 21.
Rxd5 Qxg4 22. hxg4 Rd8 23. Rxd8+ Bxd8 24. Kf1 Kf8 25. Ke2 Ke7 26. Kd3 Kd6 27. b4
Kc6 28. Kc4 b6 29. Bd2 Be7 30. Bc3 f6 31. Bd2 Bd6 32. Be3 Be7 33. Bd2 Bd6 34.
Be3 Be7 35. Bd2 1/2-1/2

[Event "20th European Teams Women"]
[Site "Reykjavik ISL"]
[Date "2015.11.22"]
[Round "9.14"]
[Board "2"]
[White "Zaksaite, Salomeja"]
[Black "Morozova, Iuliia"]
[Result "1/2-1/2"]
[WhiteTitle "WIM"]
[BlackTitle "WFM"]
[WhiteElo "2196"]
[BlackElo "1995"]
[WhiteTeam "Lithuania"]
[BlackTeam "Belgium"]
[WhiteFideId "12801496"]
[BlackFideId "14104946"]
[EventDate "2015.11.13"]

1. e4 e6 2. d4 d5 3. Nd2 c5 4. Ngf3 Nf6 5. e5 Nfd7 6. c3 Nc6 7. b3 f6 8. exf6
Qxf6 9. Bb2 e5 10. dxe5 Ndxe5 11. Nxe5 Qxe5+ 12. Be2 Bg4 13. h3 Bxe2 14. Qxe2
Bd6 15. Nf3 Qxe2+ 16. Kxe2 O-O-O 17. Rhd1 Rhe8+ 18. Kf1 Bf4 19. Rd3 c4 20. Rdd1
Ne5 21. Ne1 Bg5 22. g3 Bf6 23. Rd2 Kc7 24. Rad1 Kc6 25. f4 Nf7 26. Nc2 a5 27.
Nd4+ Bxd4 28. Rxd4 b5 29. Bc1 Rd7 30. g4 g6 31. a4 cxb3 32. axb5+ Kxb5 33. c4+
Kb6 34. cxd5 Kb5 35. d6 Rc8 36. Ba3 Rc4 37. Rxc4 Kxc4 38. Rc1+ Kd5 39. Rc7 b2
40. Bxb2 Rxc7 41. dxc7 Nd6 42. Be5 Nc8 43. Ke2 Ke4 44. g5 a4 45. Kd2 Kf5 46. Kc3
Ke6 47. Kb4 Kd7 48. Kxa4 Nb6+ 49. Kb5 Nd5 50. c8=Q+ Kxc8 51. Kc6 Ne3 52. Kd6 Kd8
53. Ke6 Ke8 54. Bd6 Nf5 55. Be5 Kf8 56. Kf6 Kg8 57. Bc3 Ng3 58. Ke6 Nf5 59. Be5
Nh4 60. Kf6 Nf5 61. Bc3 Ng3 62. Be1 Nf5 63. h4 Ng7 64. Bd2 Nh5+ 65. Ke7 Ng3 66.
Ke6 Nf5 67. Be1 Ng7+ 68. Kf6 Nh5+ 69. Ke5 Ng7 70. Kf6 Nh5+ 71. Ke5 Ng7 72. Bd2
Kf7 73. Be1 Nh5 74. f5 gxf5 75. Kxf5 Ng7+ 76. Kg4 Kg6 77. Bd2 Nh5 78. Bc1 Ng7
79. Kf4 Kh5 80. Ke5 Kg6 81. Bd2 Nh5 82. Ke6 Ng7+ 83. Ke5 Nh5 84. Ke4 Ng7 85. Bc3
Nh5 86. Kf3 h6 87. Kg4 1/2-1/2

[Event "20th European Teams Women"]
[Site "Reykjavik ISL"]
[Date "2015.11.22"]
[Round "9.14"]
[Board "3"]
[White "Barbier, Wiebke"]
[Black "Batyte, Daiva"]
[Result "0-1"]
[BlackTitle "WFM"]
[WhiteElo "1980"]
[BlackElo "2147"]
[WhiteTeam "Belgium"]
[BlackTeam "Lithuania"]
[WhiteFideId "207977"]
[BlackFideId "12801860"]
[EventDate "2015.11.13"]

1. e4 g6 2. d3 Bg7 3. c3 d5 4. Qc2 Nc6 5. Be2 Nf6 6. h3 e5 7. Nf3 h6 8. Nbd2 Be6
9. O-O O-O 10. Re1 Nh5 11. Nf1 Qd7 12. Rb1 dxe4 13. dxe4 Bxa2 14. Ra1 Be6 15. b4
a6 16. Rd1 Qc8 17. Be3 Nf4 18. Bxf4 exf4 19. N1d2 Re8 20. Bd3 Ne5 21. Nxe5 Bxe5
22. Nf3 Bg7 23. Rac1 c5 24. bxc5 Qxc5 25. Nd4 Bxd4 26. cxd4 Qg5 27. Kh2 f3 28.
gxf3 Qf4+ 29. Kg2 Rac8 30. Qb2 Qg5+ 31. Kh2 Qh5 32. Bf1 Qxf3 33. Bg2 Qf4+ 34.
Kh1 Qh4 35. Rxc8 Bxc8 36. Kh2 g5 37. Rd3 Qf4+ 38. Kg1 Qd6 39. e5 Rxe5 0-1

[Event "20th European Teams Women"]
[Site "Reykjavik ISL"]
[Date "2015.11.22"]
[Round "9.14"]
[Board "4"]
[White "Zykiene, Rita"]
[Black "Barbier, Astrid"]
[Result "0-1"]
[WhiteElo "1913"]
[BlackElo "1819"]
[WhiteTeam "Lithuania"]
[BlackTeam "Belgium"]
[WhiteFideId "12801348"]
[BlackFideId "200395"]
[EventDate "2015.11.13"]

1. d4 Nf6 2. c4 e6 3. Nf3 Bb4+ 4. Bd2 Qe7 5. e3 Nc6 6. Bd3 Bxd2+ 7. Qxd2 d6 8.
e4 e5 9. d5 Nb8 10. Nc3 O-O 11. O-O-O Na6 12. Qg5 Nc5 13. Nh4 Nxd5 14. Qg3 Nxc3
15. bxc3 a5 16. Bc2 f6 17. Nf5 Bxf5 18. exf5 Qf7 19. Qg4 b5 20. Be4 Nxe4 21.
Qxe4 Qxc4 22. Qxc4+ bxc4 23. Kc2 Rfb8 24. Rb1 g6 25. fxg6 hxg6 26. h4 Kg7 27. g4
d5 28. h5 Rb6 29. Rxb6 cxb6 30. hxg6 Kxg6 31. Rb1 Rb8 32. Rb5 d4 33. cxd4 exd4
34. f4 d3+ 35. Kc1 Rh8 36. Rd5 Rh4 37. Rd4 Rh1+ 38. Kd2 Rh2+ 39. Ke3 Re2+ 40.
Kf3 Rxa2 41. Rxc4 b5 42. Rc5 Rb2 43. Ke3 d2 44. Ke2 a4 45. Rc6 Rb4 46. g5 Rxf4
47. gxf6 Rd4 48. Kd1 a3 49. Rc2 b4 50. Ra2 Kxf6 51. Ra1 Ke5 52. Ra2 Kd5 53. Ra1
Kc4 54. Ra2 Kb3 0-1

[Event "20th European Teams Women"]
[Site "Reykjavik ISL"]
[Date "2015.11.22"]
[Round "9.15"]
[Board "1"]
[White "Tuominen, Tanja"]
[Black "Mueller-Seps, Monika"]
[Result "0-1"]
[WhiteTitle "WIM"]
[BlackTitle "WGM"]
[WhiteElo "2109"]
[BlackElo "2272"]
[WhiteTeam "Finland"]
[BlackTeam "Switzerland"]
[WhiteFideId "502340"]
[BlackFideId "1308521"]
[EventDate "2015.11.13"]

1. e4 c5 2. c3 Nf6 3. e5 Nd5 4. d4 cxd4 5. Nf3 Nc6 6. Bc4 e6 7. O-O d6 8. Bxd5
exd5 9. Bg5 Be7 10. Bxe7 Qxe7 11. exd6 Qxd6 12. Re1+ Be6 13. Ng5 O-O-O 14. cxd4
Rhe8 15. Nc3 Kb8 16. Nb5 Qf4 17. Nxe6 fxe6 18. Re3 a6 19. g3 Qf6 20. Rf3 Qe7 21.
a4 Rf8 22. Re3 Qf6 23. Qe1 Rfe8 24. Kg2 Kc8 25. Qc3 Kd7 26. Rf3 Qe7 27. Na3 Rc8
28. Qd3 Rf8 29. Rxf8 Rxf8 30. Qxh7 Nxd4 31. Rd1 Qf6 32. f4 Nf5 33. Rd2 Qf7 34.
Nc4 Kc8 35. Ne5 Qc7 36. g4 Ne3+ 37. Kf3 Qxe5 0-1

[Event "20th European Teams Women"]
[Site "Reykjavik ISL"]
[Date "2015.11.22"]
[Round "9.15"]
[Board "2"]
[White "Heinatz, Gundula"]
[Black "Puuska, Heini"]
[Result "1-0"]
[WhiteTitle "WIM"]
[BlackTitle "WFM"]
[WhiteElo "2204"]
[BlackElo "1967"]
[WhiteTeam "Switzerland"]
[BlackTeam "Finland"]
[WhiteFideId "4612434"]
[BlackFideId "502324"]
[EventDate "2015.11.13"]

1. d4 d6 2. g3 Nd7 3. Bg2 e5 4. dxe5 dxe5 5. Nf3 Ngf6 6. O-O Bc5 7. Nc3 O-O 8.
e4 a6 9. a3 Re8 10. b4 Ba7 11. h3 Qe7 12. Nh4 Nb6 13. Be3 Nc4 14. Bg5 c6 15. Qf3
Bd4 16. Ra2 Be6 17. Ne2 Nd2 18. Bxd2 Bxa2 19. Nf5 Qe6 20. g4 Bc4 21. g5 Bxe2 22.
Qxe2 Nd7 23. Bf3 Nf8 24. h4 Rad8 25. Bg4 Qa2 26. Qf3 Qxc2 27. Nxg7 Kxg7 28. Qf6+
Kg8 29. g6 1-0

[Event "20th European Teams Women"]
[Site "Reykjavik ISL"]
[Date "2015.11.22"]
[Round "9.15"]
[Board "3"]
[White "Turunen, Tiina"]
[Black "Stoeri, Laura"]
[Result "0-1"]
[BlackTitle "WFM"]
[WhiteElo "1764"]
[BlackElo "2115"]
[WhiteTeam "Finland"]
[BlackTeam "Switzerland"]
[WhiteFideId "510947"]
[BlackFideId "1304313"]
[EventDate "2015.11.13"]

1. d4 Nf6 2. c4 e6 3. Nc3 Bb4 4. Bd2 O-O 5. e3 b6 6. Nf3 Bb7 7. Be2 d6 8. O-O
Nbd7 9. a3 Bxc3 10. Bxc3 Ne4 11. Be1 f5 12. Nd2 Ng5 13. Nf3 Nf7 14. Nd2 Rb8 15.
Bf3 Ba6 16. Qa4 Qc8 17. Bc6 Nf6 18. b4 Nd8 19. b5 Nxc6 20. bxa6 Na5 21. Rc1 Qd7
22. Qc2 c5 23. dxc5 bxc5 24. Nf3 Nc6 25. Bc3 Ne4 26. Rb1 Qc7 27. Rfd1 Rb6 28.
Nd2 Nxc3 29. Qxc3 Rxa6 30. Nf3 Rb8 31. Rxb8+ Qxb8 32. Ng5 Nd8 33. h3 Rb6 34. Nf3
Nf7 35. Nd2 Qb7 36. f3 Qa6 37. Kh2 Qa4 38. Re1 h6 39. Kg1 Ra6 40. Nb1 Ne5 41.
Rc1 Qa5 42. Qc2 Rb6 43. f4 Nc6 44. Rd1 Ne7 45. e4 Qa6 46. exf5 Nxf5 47. Re1 Qb7
48. Qe2 Rxb1 49. Qxe6+ Kh8 50. Rxb1 Qxb1+ 51. Kh2 Qd3 52. Qg6 Qe4 53. h4 Qxf4+
54. g3 Qf2+ 55. Kh3 Qf1+ 56. Kh2 Qe2+ 57. Kh3 Qe5 58. h5 Nxg3 59. Qxg3 Qxh5+ 0-1

[Event "20th European Teams Women"]
[Site "Reykjavik ISL"]
[Date "2015.11.22"]
[Round "9.15"]
[Board "4"]
[White "Georgescu, Lena"]
[Black "Kujasalo, Marjatta"]
[Result "1-0"]
[WhiteElo "2014"]
[BlackElo "1605"]
[WhiteTeam "Switzerland"]
[BlackTeam "Finland"]
[WhiteFideId "1331973"]
[BlackFideId "507466"]
[EventDate "2015.11.13"]

1. e4 d6 2. d4 Nf6 3. Nc3 g6 4. g3 Bg7 5. Bg2 O-O 6. Nge2 Nc6 7. h3 e5 8. Be3
exd4 9. Nxd4 Ne5 10. b3 a6 11. f4 Ned7 12. O-O Re8 13. Re1 Nc5 14. Bf2 c6 15.
Qf3 Qa5 16. a3 Qc7 17. Rad1 Bd7 18. g4 Ne6 19. Nde2 d5 20. e5 Ne4 21. Nxe4 dxe4
22. Qxe4 Rad8 23. Bg3 Nc5 24. Qc4 Ne6 25. Nc3 b5 26. Qf1 Bf8 27. Ne4 Kg7 28. f5
Nc5 29. Nf6 Re7 30. Kh2 Qb7 31. Bf2 Rxe5 32. Rxe5 Qc7 33. Bg3 Kxf6 34. Rxc5
Qxg3+ 35. Kxg3 Bxc5 36. fxg6+ Kxg6 37. Rxd7 1-0